000 00932nam a22002417a 4500
001 0000002833
003 PPM
005 20260417102931.0
008 260417b ||||| |||| 00| 0 eng d
020 _a9679933032
_cRM 18.00
_qPaperback
035 _a0000002833
040 _bMalay
_cPusat Penyelidikan Mineral, Jabatan Mineral Dan Geosains Malaysia
_dPPM
_eRDA
082 0 0 _219
_a297.1975
_bKEC 1991
245 1 0 _aKecemerlangan Pentadbiran : Dasar Dan Amalan Dalam Islam /
_cdiselenggarakan oleh Shafie Hj Mohd. Salleh, Mohd Affandi Hassan
250 _a2nd.ed.1
260 1 _aKuala Lumpur :
_bInstitut Tadbiran Awam Negara,
_c1991
300 0 0 _axii, 213 pages .:
_billustrations .;
_c25 cm
650 1 0 _aPublic administration
_xReligious aspects
650 2 0 _aAdministrative agencies
_xReligious aspects
700 1 _aShafie Hj. Mohd. Salleh,
_eeditor.
700 1 _aMohd. Affandi Hassan,
_d1943-
_eeditor
942 _2ddc
_cBK
999 _c27201
_d27201